00161nam a22000857a 4500040000800000082001000008100002100018245002700039300000900066 cdlc a523.3 aDavid Whitehouse aThe Moon: A Biography  a312p